Joueurs français ayant gagné la Coupe du Monde 1998/2018 - Mort Subite - Statistiques

Statistiques générales
  • Ce quiz a été pris 198 fois
  • Le résultat moyen est 14 sur 20
Answers on the Grid
Answers color-coded by a green-red scale on the quiz's grid according to % correct below.
S.Guivarc'h
F.Barthez
E.Petit
D.Deschamps
B.Lizarazu
L.Thuram
A.Boghossian
P.Viera
Y.Djorkaeff
Z.Zidane
N.Fekir
C.Tolisso
S.Nzonzi
L.Hernadez
B.Pavard
S.Umtiti
K.Mbappé
P.Pogba
N.Kanté
M.Desailly
D.Payet
N.Anelka
K.Benzema
A.Rabiot
E.Cantona
A.Lacazette
K.Coman
T.Harry
L.Koscielny
K.Noppé
 
Statistiques - réponses
Réponse % Correct
K.Mbappé
79%
Z.Zidane
76%
F.Barthez
75%
B.Lizarazu
74%
B.Pavard
74%
S.Umtiti
73%
D.Deschamps
72%
P.Pogba
72%
N.Kanté
70%
C.Tolisso
67%
E.Petit
67%
L.Thuram
67%
M.Desailly
67%
Y.Djorkaeff
66%
P.Viera
63%
N.Fekir
62%
L.Hernadez
61%
S.Nzonzi
61%
S.Guivarc'h
54%
A.Boghossian
50%
Aucun quiz correspondant
Distribution des résultats
% des personnes avec chaque résultat
Percentile par nombre de réponses
Votre historique - résultats
Vous n’avez pas pris ce quiz